Homer Simpson or Peter Griffin Quiz Stats

Quiz Updated Apr 30, 2016

Also try: Homerisms
Challenge
Share
Tweet
Embed
Score 0/50 Timer 08:00
0 Plays Today
Quote Homer or Peter % Correct
To alcohol! The cause of, and solution to, all of life's problems.???
83.3%
'To Start Press Any Key.' Where's the 'ANY' key????
73.4%
If I'm a child that means you're a pedophile, and I'll be damned if I'm going stand here and take this from a pervert.???
73.2%
If something's hard to do, then it's not worth doing.???
69.4%
Excuse me, is your refrigerator running? Because if it is, it probably runs like you - very homosexually.???
69.4%
Kids, you tried your best and you failed miserably. The lesson is, never try.???
68.8%
I'm not a bad guy! I work hard, and I love my kids. So why should I spend half my Sunday hearing about how I'm going to Hell????
68.5%
Television! Teacher, mother, secret lover.???
67.5%
That's it! You people have stood in my way long enough. I'm going to clown college!???
67.3%
Step aside, its time for me to do my fatherly duty. Haha I said duty, but no time to laugh about it now.???
66.2%
(Daughter), vampires are make-believe, like elves, gremlins, and eskimos.???
66.1%
(Boss), I can't come to work today because I was in a terrible plane crash. My family is dead and I am a vegetable. See you tomorrow.???
65%
People make up lies all the time. You know Vietnam? Never happened.???
64.9%
Oh yeah? Well, according to paragraph 7, sentence 3, word 8 of the Geneva Convention... 'the'.???
64.7%
Just because I don't care doesn't mean I don't understand.???
64.6%
I think (boss) picked me because of my motivational skills. Everyone says they have to work a lot harder when I'm around.???
64.4%
Operator! Give me the number for 911!???
64.3%
When will I learn? The answer to life's problems aren't at the bottom of a bottle, they're on TV!???
63.3%
Math. Math my dear boy is nothing more than the lesbian sister of biology.???
63.3%
What do we need a psychiatrist for? We know our kid is nuts.???
62.1%
Maybe, just once, someone will call me 'Sir' without adding, 'You're making a scene.'???
61.5%
If by 'read', you mean 'imagine the naked lady', then yes.???
61.4%
I'm normally not a praying man, but if you're up there, please save me, Superman.???
61.4%
(Son), with $10,000 we'd be millionaires! We could buy all kinds of useful things like...love!???
61.3%
Kill my boss? Do I dare live out the American dream????
61.2%
Quote Homer or Peter % Correct
Oh my god, (friend), there's a message in my Alphabits. It says, 'Oooooo.'???
61%
We're officially on welfare. Come on, kids. Help me scatter car parts on the front lawn.???
60.9%
Now, I know you're a feminist, and I think that's adorable, but this is grown-up time and I'm the man.???
60.7%
The only monster here is the gambling monster that has enslaved your mother! I call him Gamblor, and it's time to snatch your mother from his neon claws!???
60%
When I look at the smiles on all the children's faces, I just know they're about to jab me with something.???
60%
I had such a crush on her. Until I met you, (wife). You're my silver medal.???
60%
Aw crap, since when did they change the meaning of 'for' to 'from'????
58.9%
I saw you in that coffee shop, breaking the fifth commandment. Congress passes these things for a reason, (wife).???
58.8%
I am so not competitive. In fact, I am the least non-competitive. So I win.???
58.8%
Any problem caused by a tank can be solved by a tank.???
58.6%
All my life I've had one dream, to achieve my many goals.???
58.6%
They look at me and see a loser. Except that guy with the lazy eye... He sees a loser and a snack machine.???
57.9%
I got an idea, an idea so smart my head would explode if I even began to know what I was talking about.???
56.8%
I like my beer cold, my TV loud and my homosexuals flaming.???
56.1%
Marriage is like a coffin and each kid is another nail.???
55.3%
Now I may be an idiot, but there is one thing I am not, sir, and that, sir, is an idiot.???
55.2%
Now kids, Daddy only drank so that the Statue of Liberty would take her clothes off.???
55%
(Daughter), if you don't like your job you don't strike. You just go in every day and do it really half-assed. That's the American way.???
54.8%
(Son), everything I say is a lie. Except that. And that. And that. And that. And that. And that. And that. And that.???
54.2%
To you she may be worth a million dollars. But to me she's worthless!???
53.6%
I'm in no condition to drive...wait! I shouldn't listen to myself, I'm drunk!???
52.2%
Son, this is a big day for you. Today, you become the man of the house, because, when we get home, your mother is going to kill me.???
49.8%
Getting out of jury duty is easy. The trick is to say you're prejudiced against all races.???
42%
Aw, c'mon (wife), isn't 'bribe' just another word for 'love'????
39.2%
See, (daughter), things always work out if you just do whatever you want without thinking about the consequences.???
35.9%

You're not logged in!

Compare scores with friends on all Sporcle quizzes.
Sign Up with Email
OR
Log In

You Might Also Like...

Show Comments

Extras

Top Quizzes Today


Score Distribution

Your Account Isn't Verified!

In order to create a playlist on Sporcle, you need to verify the email address you used during registration. Go to your Sporcle Settings to finish the process.